|
|
|
|
| LEADER |
00000nam a22000007a 4500 |
| 005 |
20220406225729.0 |
| 007 |
cr|||| ||| |
| 008 |
220406s2019 br |||||s|||| 00||0 por d |
| 020 |
|
|
|a 978-85-301-0123-7
|
| 035 |
|
|
|a 36031
|
| 040 |
|
|
|a vLex
|
| 090 |
|
|
|c 13125
|d 13125
|
| 100 |
1 |
|
|a Pretti, Gleibe
|
| 245 |
1 |
0 |
|a eSocial na Prt̀ica com Anl̀ise e Modelos dos Novos Contratos de Trabalho
|h [Recurso electrn̤ico] /
|c Gleibe Pretti, Juliane Evangelista
|
| 256 |
|
|
|a Servicio en ln̕ea
|
| 260 |
|
|
|a San Pablo:
|b LTR,
|c 2019
|
| 300 |
|
|
|a 1 recurso electrn̤ico
|
| 500 |
|
|
|a Constantemente surgem tendn̊cias e novidades fiscais que impactam na rotina de vr̀ios setores de uma companhia, como o financeiro, contb̀il e RH. Saber o que ̌eSocial, uma das mais importantes inovaė̳s atuais, ̌fundamental para os responsv̀eis desses departamentos. Entretanto, essa ferramenta nô deve ser vista como um entrave para o desenvolvimento da empresa, pois traz diversos benefc̕ios, se operada de forma inteligente. Por isso, os autores trazem essa completa obra sobre o tema, com explicaė̳s de como utilizar essa importante ferramenta e, assim, sanar todas as dv︢idas que essa novidade trouxe.
|
| 506 |
1 |
|
|a Disponible solo en los productos indicados
|d vLex Global
|d vLex Global (Academic Edition, excluding Law Schools)
|d vLex Global (U.S. Academic Edition, Law Schools)
|d vLex Global (U.S. Academic Edition, excluding Law Schools)
|d vLex Global (Academic Edition, Law Schools)
|
| 650 |
0 |
4 |
|a Derecho Laboral y Seguridad Social
|z Brasil
|
| 700 |
1 |
|
|a Evangelista, Juliane
|
| 740 |
0 |
|
|a vLex Libros (Servicio en ln̕ea)
|
| 856 |
4 |
0 |
|u https://app.vlex.com/#/sources/36031
|z Acceso restringido
|
| 942 |
|
|
|c BOOK
|
| 999 |
0 |
|
|a Labor law and social security
|